Statistics for Capitals of Countries of The World on a Map

Click here to take the quiz!

General Stats

  • This quiz has been taken 84 times
  • The average score is 118 of 196

Answers on the Map

Answers color-coded by a green-red scale on the quiz's map according to % correct below.
 

Answer Stats

Capital% Correct
Ottawa
98%
Washington D.C.
98%
Mexico City
96%
Berlin
91%
Lisbon
91%
Madrid
91%
Moscow
91%
Paris
91%
Rome
91%
Tokyo
91%
Beijing
89%
Oslo
89%
Warsaw
89%
Brasília
87%
Dublin
87%
Kyiv
87%
London
87%
Seoul
87%
Stockholm
87%
Amsterdam
84%
Ankara
84%
Brussels
84%
Helsinki
84%
Bern
82%
Copenhagen
82%
New Delhi
82%
Athens
80%
Cairo
80%
Canberra
80%
Cape Town/Bloemfontein/Pretoria
80%
Prague
80%
Budapest
78%
Buenos Aires
78%
Havana
78%
Panama City
78%
Reykjavík
78%
Algiers
76%
Lima
76%
Luxembourg
76%
Santiago
76%
Baghdad
73%
Pyongyang
73%
Taipei
73%
Vienna
73%
Wellington
73%
Bucharest
71%
Caracas
71%
Dhaka
71%
Islamabad
71%
Jakarta
71%
Minsk
71%
Zagreb
71%
Addis Ababa
69%
Bangkok
69%
Bogotá
69%
Kingston
69%
Kingstown
69%
Riga
69%
Riyadh
69%
San Marino
69%
Sofia
69%
Tallinn
69%
Tunis
69%
Jerusalem
67%
Kabul
67%
Kuala Lumpur
67%
Manila
67%
Nairobi
67%
Rabat
67%
Singapore
67%
Tehran
67%
Vatican City
67%
Andorra la Vella
64%
Damascus
64%
Doha
64%
Guatemala City
64%
Hanoi
64%
Kinshasa
64%
La Paz/Sucre
64%
Nur-Sultan/Astana
64%
Port-au-Prince
64%
Tripoli
64%
Vilnius
64%
Kathmandu
62%
Kuwait City
62%
Montevideo
62%
Muscat
62%
Belgrade
60%
Monaco
60%
Quito
60%
San Salvador
60%
Sarajevo
60%
Sri Jayawardenepura Kotte/Colombo
60%
Antananarivo
58%
Bratislava
58%
Dakar
58%
Khartoum
58%
Ljubljana
58%
Tbilisi
58%
Tegucigalpa
58%
Amman
56%
Baku
56%
Beirut
56%
Brazzaville
56%
Djibouti
56%
Harare
56%
Luanda
56%
Port Moresby
56%
Pristina
56%
Santo Domingo
56%
Skopje
56%
Vaduz
56%
Abuja
53%
Asunción
53%
Mogadishu
53%
Nassau
53%
Phnom Pénh
53%
Sana'a
53%
San José
53%
Ulaanbataar
53%
Valletta
53%
Chișinău
51%
Kampala
51%
Nicosia
51%
Ouagadougou
51%
Podgorica
51%
São Tomé
51%
Suva
51%
Tirana
51%
Windhoek
51%
Accra
49%
Bandar Seri Begawan
49%
Belmopan
49%
Bishkek
49%
Bissau
49%
Freetown
49%
Malé
49%
Managua
49%
Nouakchott
49%
Paramaribo
49%
Port of Spain
49%
Port Vila
49%
Saint George's
49%
Tashkent
49%
Thimphu
49%
Victoria
49%
Vientian
49%
Yaoundé
49%
Yerevan
49%
Ashgabat
47%
Bangui
47%
Bridgetown
47%
Dili
47%
Dodoma
47%
Gaborone
47%
Juba
47%
Kigali
47%
Libreville
47%
Maputo
47%
Monrovia
47%
N'Djamena
47%
Niamey
47%
Praia
47%
Saint John's
47%
Apia
44%
Asmara
44%
Bamako
44%
Castries
44%
Conakry
44%
Lilongwe
44%
Lusaka
44%
Manama
44%
Porto-Novo/Cotonou
44%
Roseau
44%
Yamoussoukro
44%
Banjul
42%
Basseterre
42%
Funafuti
42%
Honiara
42%
Lomé
42%
Maseru
42%
Port Louis
42%
Abu Dabi
40%
Dushanbe
40%
Majuro
40%
Malabo
40%
Yaren
40%
Gitega
38%
Mbabane
38%
Moroni
38%
South Tarawa
38%
Ngerulmud
36%
Nuku'alofa
36%
Palikir
36%
Nay Pyi Taw
16%
Georgestown
7%

Score Distribution

Percentile by Number Answered

Percent of People with Each Score

Your Score History

You have not taken this quiz